চিরস্থায়ী বন্দোবস্ত ও বাঙালী সমাজ / (Record no. 47689)
[ view plain ]
| 000 -LEADER | |
|---|---|
| fixed length control field | 00833nam a2200217 a 4500 |
| 001 - CONTROL NUMBER | |
| control field | 47689 |
| 003 - CONTROL NUMBER IDENTIFIER | |
| rucl marc code | BD-RjUL |
| 005 - DATE AND TIME OF LATEST TRANSACTION | |
| control field | 20211209054354.0 |
| 008 - FIXED-LENGTH DATA ELEMENTS--GENERAL INFORMATION | |
| fixed length control field | 160810s bg ||||| |||| 00| 0 ben d |
| 035 ## - SYSTEM CONTROL NUMBER | |
| System control number | (BD-RjUL)47808 |
| 040 ## - CATALOGING SOURCE | |
| Original cataloging agency | BD-RjUL |
| Language of cataloging | ben |
| Transcribing agency | BD-RjUL |
| 041 ## - LANGUAGE CODE | |
| Language code of text/sound track or separate title | ben |
| 082 ## - DEWEY DECIMAL CLASSIFICATION NUMBER | |
| Classification number | 333.76 |
| Author mark and year | CHI |
| 245 ## - TITLE STATEMENT | |
| Title | চিরস্থায়ী বন্দোবস্ত ও বাঙালী সমাজ / |
| Statement of responsibility, etc. | মুনতাসীর মামুন সম্পাদিত |
| 260 ## - PUBLICATION, DISTRIBUTION, ETC. (IMPRINT) | |
| Place of publication, distribution, etc. | ঢাকা : |
| Name of publisher, distributor, etc. | মাওলা ব্রাদার্স, |
| Date of publication, distribution, etc. | [?] |
| 300 ## - PHYSICAL DESCRIPTION | |
| Pagination | [২৪], ১৫২ পৃ. ; |
| Size | ২১ সেমি. |
| 650 ## - SUBJECT ADDED ENTRY--TOPICAL TERM | |
| Topical term or geographic name as entry element | জমি উদ্ধার |
| 9 (RLIN) | 144882 |
| Topical term or geographic name as entry element | Reclamation of land |
| 9 (RLIN) | 116959 |
| 700 ## - ADDED ENTRY--PERSONAL NAME | |
| Personal name | মামুন, মুনতাসীর, সম্পাদক |
| 942 ## - ADDED ENTRY ELEMENTS (KOHA) | |
| Source of classification or shelving scheme | Dewey Decimal Classification |
| Koha item type | Books |
| Lost status | Source of classification or shelving scheme | Damaged status | Not for loan | Collection code | Permanent Location | Current Location | Shelving location | Date acquired | Total Checkouts | Full call number | Date last seen | Date checked out | Copy number | Koha item type |
|---|---|---|---|---|---|---|---|---|---|---|---|---|---|---|
| Dewey Decimal Classification | Non-fiction | Central Library, University of Rajshahi | Central Library, University of Rajshahi | 10/08/2016 | 2 | B 333.76 CHI | 05/09/2023 | 22/08/2023 | C-2 | Books |